| 000 | 00737nam a22001937a 4500 | ||
|---|---|---|---|
| 999 |
_c16211 _d16211 |
||
| 003 | AR-CdUCM | ||
| 008 | 190502b ||||| |||| 00| 0 spa d | ||
| 040 |
_aMUNICIPALIDAD PROVINCIAL DEL CUSCO _cBIBLIOTECA MUNICIPAL DEL CUSCO |
||
| 082 |
_24ed. _a107 / _bG25 |
||
| 100 |
_aGarcía Morente, Manuel _910415 |
||
| 245 | _aLecciones preliminares de filosofía / | ||
| 260 |
_aBuenos Aires : _bLosada, _c1948. |
||
| 300 |
_a409 páginas ; _c19 cm. |
||
| 440 |
_aBiblioteca Filosófica ; _915046 |
||
| 505 | _aContenido: El conjunto de la filosofía -- El método de la filosofa -- La intuición como método de la filosofía -- Ingreso en la ontología ... | ||
| 650 |
_aFilosofía _9395 |
||
| 942 |
_2ddc _cLIBROS |
||
| 945 |
_aacv _d2019-05-02 |
||